[Event "Santiago Endesa 02"]
[Site "Santiago de Chile"]
[Date "2009.03.23"]
[Round "4"]
[White "Bombardiere Rosas, Eduardo"]
[Black "Almarza Orellana, Luis"]
[Result "1-0"]
[WhiteElo "2280"]
[BlackElo "2094"]
[PlyCount "83"]
[EventDate "2009.03.16"]
[EventType "tourn"]
[EventRounds "11"]
[EventCountry "CHI"]
[SourceTitle "EXT 2012"]
[Source "ChessBase"]
[SourceDate "2011.11.24"]
[SourceVersion "1"]
[SourceVersionDate "2011.11.24"]
[SourceQuality "1"]

1. Nf3 Nf6 2. c4 g6 3. d4 Bg7 4. b3 c6 5. e3 d5 6. Bd3 0-0 7. Bb2 Nbd7 8. Nbd2 e5 9. cxd5 exd4 10. Bxd4 Nxd5 11. Bxg7 Kxg7 12. 0-0 Nc5 13. Bc4 Nb6 14. Qc1 Qf6 15. Be2 Ncd7 16. Ne4 Qe7 17. Qc2 Ne5 18. Qb2 f6 19. Nxe5 fxe5 20. Rac1 Nd5 21. Nc5 Kg8 22. Rfd1 b6 23. Nd3 e4 24. Ne5 Qf6 25. Bf1 Bb7 26. Nc4 Qe6 27. Qe5 Rae8 28. Qg3 Rf6 29. Rd2 Kg7 30. Be2 Ba6 31. Bg4 Qe7 32. h4 Bxc4 33. Rxc4 Ref8 34. b4 a6 35. a3 Kh8 36. Rcd4 a5 37. b5 Qxa3 38. bxc6 Nb4 39. c7 Qc1+ 40. Kh2 Nd3 41. R2xd3 exd3 42. Rxd3 1-0

[Event "Santiago Endesa 02"]
[Site "Santiago de Chile"]
[Date "2009.03.16"]
[Round "1"]
[White "Almarza Orellana, Luis"]
[Black "Cosoi Scherzer, Alejandro"]
[Result "0-1"]
[WhiteElo "2094"]
[BlackElo "2210"]
[PlyCount "68"]
[EventDate "2009.03.16"]
[EventType "tourn"]
[EventRounds "11"]
[EventCountry "CHI"]
[SourceTitle "EXT 2012"]
[Source "ChessBase"]
[SourceDate "2011.11.24"]
[SourceVersion "1"]
[SourceVersionDate "2011.11.24"]
[SourceQuality "1"]

1. e4 c5 2. Nf3 e6 3. d3 Nc6 4. g3 g6 5. Bg2 Bg7 6. 0-0 Nge7 7. c3 d5 8. Nbd2 0-0 9. Re1 Qc7 10. Nb3 b6 11. Bf4 Qd7 12. e5 Ba6 13. d4 cxd4 14. Nbxd4 Nxd4 15. Qxd4 Rac8 16. h4 h5 17. Qd2 Rc7 18. Bh3 Rfc8 19. Rad1 Bc4 20. Bh6 Bh8 21. Bg5 Bxa2 22. Bf6 Bg7 23. Nd4 Bc4 24. Qg5 Bf8 25. g4 hxg4 26. Bxg4 Kh7 27. h5 Bh6 28. Qh4 Rg8 29. Nf3 gxh5 30. Ng5+ Rxg5 31. Bxg5 Bxg5 32. Qxg5 hxg4 33. Rd4 Ng6 34. Kg2 Qe7 0-1

[Event "CHI-ch"]
[Site "Santiago de Chile"]
[Date "2004.02.10"]
[Round "2.7"]
[White "Lopez Silva, Hugo Andres"]
[Black "Almarza Orellana, Luis"]
[Result "1-0"]
[WhiteElo "2353"]
[BlackElo "2136"]
[PlyCount "93"]
[EventDate "2004.02.09"]
[EventType "swiss"]
[EventRounds "11"]
[EventCountry "CHI"]
[SourceTitle "CBM 098 Extra"]
[Source "ChessBase"]
[SourceDate "2004.03.10"]
[SourceVersion "2"]
[SourceVersionDate "2004.03.10"]
[SourceQuality "1"]

1. e4 c5 2. c4 Nc6 3. Ne2 g6 4. d4 cxd4 5. Nxd4 Bg7 6. Be3 Nf6 7. Nc3 d6 8. Be2 0-0 9. 0-0 Nxd4 10. Bxd4 Be6 11. f4 Rc8 12. b3 Qa5 13. Bf3 Nd7 14. f5 gxf5 15. exf5 Bxf5 16. Bxb7 Bxd4+ 17. Qxd4 Qc5 18. Qxc5 Rxc5 19. Nd5 e6 20. Ne7+ Kg7 21. Nxf5+ exf5 22. Rad1 Rb8 23. Bd5 Kg6 24. Rf2 Nf6 25. Bf3 Rd8 26. Rfd2 Ne8 27. Rd5 Rdc8 28. Kf2 Rxd5 29. Rxd5 Rc5 30. Rd2 a5 31. Ke3 Kf6 32. Kd3 Nc7 33. Kc3 Ke6 34. a3 d5 35. Bxd5+ Nxd5+ 36. Rxd5 Rxd5 37. cxd5+ Kxd5 38. b4 axb4+ 39. Kxb4 h5 40. h4 Ke5 41. a4 Kf4 42. a5 Kg3 43. a6 Kxg2 44. a7 f4 45. a8Q+ f3 46. Kc3 f5 47. Kd2 1-0